• 首页
  • 本馆介绍
  • 公告通知
  • 最新文献
  • 馆藏检索
  • 电子资源
  • 读者导购
  • 参考咨询
  • 我的图书馆
  • 登录
  • 详细信息显示
  • 放入我的书架
  • 预约/预借图书
  • 作者相关作品
  • 分类相关作品
  • 丛书相关作品
  • 出版社相关作品

书目信息

  • 表格格式
  • 工作单格式
  • 卡片格式
题名:
吴兴华新诗注释解析
    
 
作者: 余闲 著
分册:  
出版信息: 北京   光明日报出版社  2017
页数: 238页
开本: 24cm
丛书名:
单 册:
中图分类: I207.25
科图分类:
主题词: 新诗--诗歌研究--中国--现代
电子资源:
ISBN: 978-7-5194-2857-0
000 00884nam0 2200241 450
001 012001005035
005 20141007100036.0
010    @a978-7-5194-2857-0@b精装@dCNY68.00
100    @a20180315d2017 em y0chiy50 ea
101 0  @achi
102    @aCN@b110000
105    @ay z 000yy
106    @ar
200 1  @a吴兴华新诗注释解析@9wu xing hua xin shi zhu shi jie xi@f柳伟平著
210    @a北京@c光明日报出版社@d2017
215    @a238页@d24cm
300    @a国民阅读经典
330    @a本书首先按诗体来分,将吴兴华诗分为新绝句、新古风、新歌行体、十四行体、素体诗、其余诗体六类,各选代表作若干首进行注释、解析,而后从主题、意象、形式、语言四方面研究吴兴华的诗歌技法,以期对吴兴华诗歌成就作出评价。
606 0  @a新诗@x诗歌研究@y中国@z现代
690    @aI207.25@v5
701  0 @a余闲@9yu xian@f(1981-)@4著
801  0 @aCN@b上海新华@c20180901
905    @b1172299-303@dI207.25@e1149@f5
    
    吴兴华新诗注释解析/柳伟平著.-北京:光明日报出版社,2017
    238页;24cm
    国民阅读经典
    
    ISBN 978-7-5194-2857-0(精装):CNY68.00
    本书首先按诗体来分,将吴兴华诗分为新绝句、新古风、新歌行体、十四行体、素体诗、其余诗体六类,各选代表作若干首进行注释、解析,而后从主题、意象、形式、语言四方面研究吴兴华的诗歌技法,以期对吴兴华诗歌成就作出评价。
●
相关链接 在E读中查询图书 在五车中查询图书 在当当中查询图书 在豆瓣中查询图书


正题名:吴兴华新诗注释解析     索取号:I207.25/1149         预约/预借

序号 登录号 条形码 馆藏地/架位号 状态 备注
1 1172299   211722992   第一样本阅览室/ [索取号:I207.25/1149] 在馆    
2 1172300   211723009   第二借阅区/ [索取号:I207.25/1149] 在馆    
3 1172301   211723018   第二借阅区/ [索取号:I207.25/1149] 在馆    
4 1172302   211723027   第二借阅区/ [索取号:I207.25/1149] 在馆    
5 1172303   211723036   密集书库-文学院/ [索取号:I207.25/1149] 在馆    
唐山师范学院图书馆 欢迎您!
大连网信软件有限公司© 版权所有